| 000 | 00793nam a2200241 a 4500 | ||
|---|---|---|---|
| 003 | DO-SdBPMSU | ||
| 005 | 20250204124750.0 | ||
| 008 | 150406s2008 dr 000 spa d | ||
| 020 | _a97899945130638 | ||
| 040 |
_aDO-SdBPM _bspa _cBPMSU |
||
| 082 | 4 |
_aRD863.5 _bC355p 2008 _222 |
|
| 100 | 1 |
_aCastro Ortíz, Noé Leonardo _d2004- |
|
| 245 | 1 | 3 |
_aEl primer gato sin colores / _cNoé Leonardo Castro Ortíz ; ilustraciones José Sánchez Green |
| 260 |
_aSanto Domingo : Mediabyte, _c2008. |
||
| 300 |
_a40 p. ; _bil., ; _c30 cm. |
||
| 590 | _aInventariado, 2025/VM | ||
| 650 | 4 | _aCuentos infantiles dominicanos | |
| 650 | 4 | _aLibros para colorear | |
| 700 | 1 |
_aSánchez Green, José _eilustraciones |
|
| 910 | _aVMateo V. Control de calidad. BPMSU | ||
| 942 |
_2ddc _cBK |
||
| 956 |
_a _b _c _l _h |
||
| 999 |
_c7616 _d7616 |
||